ՀՀ Գիտությունների ազգային ակադեմիայի հիմնարար գիտական գրադարան  =   Fundamental Scientific Library of NAS RA

Физиология, патофизиология и фармакология мозгового кровообращения : (Record no. 146970)

MARC details
000 -LEADER
fixed length control field 01255nam a2200265 u 4500
001 - CONTROL NUMBER
control field 000386059
003 - CONTROL NUMBER IDENTIFIER
control field AM-YeHGA
005 - DATE AND TIME OF LATEST TRANSACTION
control field 20250618072326.0
008 - FIXED-LENGTH DATA ELEMENTS--GENERAL INFORMATION
fixed length control field 041122s1984 ai r 000 0 rus d
040 ## - CATALOGING SOURCE
Original cataloging agency AM-YeHGA
041 0# - LANGUAGE CODE
Language code of text/sound track or separate title rus
090 ## - LOCALLY ASSIGNED LC-TYPE CALL NUMBER (OCLC); LOCAL CALL NUMBER (RLIN)
-- 148357
245 00 - TITLE STATEMENT
Title Физиология, патофизиология и фармакология мозгового кровообращения :
Remainder of title I Всесоюзная конференция: Тезисы докладов: 21-23 июня /
Statement of responsibility, etc. АН СССР, АН АрмССР; Под ред. Э.С. Габриеляна и др.
260 ## - PUBLICATION, DISTRIBUTION, ETC.
Place of publication, distribution, etc. Ереван :
Name of publisher, distributor, etc. Б. и.,
Date of publication, distribution, etc. 1984.
300 ## - PHYSICAL DESCRIPTION
Extent 196 с. ;
Dimensions 22 см.
650 14 - SUBJECT ADDED ENTRY--TOPICAL TERM
Topical term or geographic name entry element Медицина
650 14 - SUBJECT ADDED ENTRY--TOPICAL TERM
Topical term or geographic name entry element Патофизиология
650 14 - SUBJECT ADDED ENTRY--TOPICAL TERM
Topical term or geographic name entry element Физиология
650 14 - SUBJECT ADDED ENTRY--TOPICAL TERM
Topical term or geographic name entry element Мозговое кровообращение
700 1# - ADDED ENTRY--PERSONAL NAME
Personal name Գաբրիելյան, Էմիլ Սամսոնի,
Dates associated with a name 1931-2010
Relator term ред.
Relationship edt
9 (RLIN) 1845
710 2# - ADDED ENTRY--CORPORATE NAME
Corporate name or jurisdiction name as entry element Академия наук СССР
710 2# - ADDED ENTRY--CORPORATE NAME
Corporate name or jurisdiction name as entry element Академия наук АрмССР
711 2# - ADDED ENTRY--MEETING NAME
Meeting name or jurisdiction name as entry element Всесоюзная конференция физиология, патофизиология и фармакология мозгового кровообращения
Number of part/section/meeting (1)
942 ## - ADDED ENTRY ELEMENTS (KOHA)
Source of classification or shelving scheme Universal Decimal Classification
Koha item type Գրքեր / Books
Holdings
Withdrawn status Lost status Damaged status Not for loan Collection Home library Current library Date acquired Total checkouts Full call number Barcode Date last seen Price effective from Koha item type Public note
        General Fundamental Scientific Library Fundamental Scientific Library 22/12/2016   PII/517989 FL0200174 22/12/2016 22/12/2016 Գրքեր / Books 30 Days Loan
        General Fundamental Scientific Library Fundamental Scientific Library 22/12/2016   PII/526314 FL0179425 22/12/2016 22/12/2016 Գրքեր / Books 30 Days Loan
        General Fundamental Scientific Library Fundamental Scientific Library 22/12/2016   PII/526315 FL0179426 22/12/2016 22/12/2016 Գրքեր / Books 30 Days Loan
        General Fundamental Scientific Library Fundamental Scientific Library 22/12/2016   PII/527892 FL0176353 22/12/2016 22/12/2016 Գրքեր / Books 30 Days Loan


ՀՀ ԳԱԱ հիմնարար գիտական գրադարան
ՀՀ,Երևան 0019
Մարշալ Բաղրամյան 24/6
հեռախոս:(374-10) 52-47-50
Հետադարձ կապ

All site content, except where otherwise noted, is licensed under a
Creative Commons License